01033nam a2200241Ia 450000100060000000300090000600800410001504000130005604000130006904100130008210000210009510000290011624500630014524500630020825000110027126000090028226000320029126000490032330000430037250003030041565000420071865000310076034481IT-RoPAU130308s9999 xx 000 0 und d aIT-RoPAU cIT-RoPAU aFRANCESE aMeirieu Philippe gCodice Aut. SPICS: 15322 aItineraire des pedagogies de groupe-Apprendre en groupe?-1 bItineraire des pedagogies de Groupe-Apprendre En Groupe?-1 a1a ed. aLYON bChronique Sociale De France c1984 [1° Ed.:1984 - Ed.Ling.Originale:1984] a"208 p. (prefazione: no ; testo: 208)" aItinerario delle pedagogie di gruppo Dalla classe al gruppo Gruppo una Comunità di pari gruppo di Produzione cooperativa gruppo di relazioni gruppo in Pedagogia Educabilità Alla prova della Scienza Metafisica e Necessità Sociali Dall'Istruzione all'educazione gruppo Come Strumento Pedagogico aPEDAGOGIA DELLA COMUNICAZIONE SOCIALE eCodice materia Spics: 3804